000 00496cam a22001694a 4500
020 _a1566704782
040 _cDLC
082 0 0 _a632 LEW 2000 C163 CO.
245 0 0 _aInsect pest management :
_btechniques for environmental protection /
260 _aBoca Raton, Fla. :
_bLewis Publishers,
_cc2000.
300 _a392 p. :
_bill. ;
_c24 cm.
490 1 _aAgriculture and environment series
650 0 _aInsect pests
700 1 _aRechcigl, Jack E.
700 1 _aRechcigl, Nancy A.
942 _cEK
999 _c19177
_d19177